Experiments in inorganic chemistry (Record no. 394486)

MARC details
000 -LEADER
fixed length control field 00470 a2200193 4500
005 - DATE & TIME
control field 20260209163235.0
008 - FIXED-LENGTH DATA ELEMENTS--GENERAL INFORMATION
fixed length control field 260209b |||||||| |||| 00| 0 eng d
020 ## - ISBN
International Standard Book Number 9788181524515
Price Rs. 1650.00
040 ## - CATALOGING SOURCE
Original cataloging agency VIVEKANANDA LIBRARY
082 ## - DDC NUMBER
Classification number 546
Book Number T45E
100 ## - MAIN ENTRY--PERSONAL NAME
Personal name Tilak, Ram
245 ## - TITLE STATEMENT
Title Experiments in inorganic chemistry
250 ## - EDITION STATEMENT
Edition statement
260 ## - PUBLICATION, DISTRIBUTION, ETC. (IMPRINT)
Name of publisher, distributor, etc Book Enclave
Date of publication, distribution, etc 2018
Place of publication, distribution, etc Jaipur
300 ## - PHYSICAL DESCRIPTION
Pages 274
650 ## - Subject
Subject Chemistry
650 ## - Subject
Subject Inorganic Chemistry
942 ## - ADDED ENTRY ELEMENTS (KOHA)
Koha item type Books
Holdings
Withdrawn status Lost status Source of classification or shelving scheme Damaged status Not for loan Location (home branch) Sublocation or collection (holding branch) Shelving location Date acquired Koha issues (times borrowed) Koha full call number Accession No. Koha date last seen Koha item type
    Dewey Decimal Classification     VIVEKANANDA LIBRARY VIVEKANANDA LIBRARY Vivekananda Library 28/01/2026   546 T45E 444459 28/01/2026 Books
© Designed and Maintained by Vivekananda Library, MDU Rohtak